| 000 | 01169nam a2200313Ia 4500 | ||
|---|---|---|---|
| 001 | 008906 | ||
| 008 | 221003m2001 xx 000 0 spa d | ||
| 035 | _aCENDO_18901 | ||
| 041 | _aspa | ||
| 084 | _aMU-00057-00035 | ||
| 111 | 2 |
_aDIA INTERNACIONAL DE LA ELIMINACION DE LA VIOLENCIA CONTRA LA MUJER _d2001 _918866 |
|
| 245 | 0 |
_a<La> violencia contra las mujeres : _b<un> problema social : [resolución del 25 de noviembre Día Internacional para la Eliminación de la Violencia contra la Mujer 2001] / _cConfederación Sindical de CCOO |
|
| 260 |
_a[S.l.] : _bConfederación Sindical de CCOO, _c2001 |
||
| 300 | _a2 p. | ||
| 650 |
_aMUJERES _9199 |
||
| 650 | 0 |
_aVIOLENCIA _92442 |
|
| 650 | 0 |
_aIGUALDAD DE OPORTUNIDADES _9590 |
|
| 650 | 0 |
_aDIA INTERNACIONAL DE LA ELIMINACION DE LA VIOLENCIA CONTRA LA MUJER _910927 |
|
| 650 | 0 |
_aACTITUD SINDICAL _961 |
|
| 650 |
_aCCOO _960 |
||
| 710 | 2 |
_aCCOO _bConfederación Sindical _bSecretaría de la Mujer _9398 |
|
| 856 |
_zPDF _uhttp://docpublicos.ccoo.es/cendoc/008906Resolucion25deNoviembre2001.pdf |
||
| 901 | _a2 | ||
| 903 | _aNO | ||
| 904 | _a000 | ||
| 910 | _a2001 | ||
| 942 |
_cDOCU_ELEC _2ddc |
||
| 999 |
_c18900 _d18900 |
||